Logo BPK

Biblioteka

Politechniki Koszalińskiej

Psychoanalyse des Antisemitismus / (Rekord nr 50645)

Szczegóły MARC
000 -ETYKIETA REKORDU
podpole kontrolne o stałej długości 00644nam a2200217 i 4500
001 - NUMER KONTROLNY REKORDU
pole kontrolne bgj
040 ## - ŹRÓDŁO KATALOGOWANIA
Instytucja, która utworzyła rekord BPK
041 0# - KOD JĘZYKA
Kod języka tekstu ger
Kod języka oryginału fre
044 ## - KOD KRAJU WYDAWCY/PRODUCENTA
Kod kraju wydawcy/producenta GER
080 ## - UNIWERSALNA KLASYFIKACJA DZIESIĘTNA - UKD
UKD 159.9
008 - POLE O STAŁEJ DŁUGOŚCI - DANE KONTROLNE
podpole kontrolne o stałej długości s gw f |000 0 ger
100 1# - NAZWA OSOBOWA
Nazwa osobowa LOEWENSTEIN, Rudolph M.
245 10 - TYTUŁ/ODPOWIEDZIALNOŚĆ
Tytuł Psychoanalyse des Antisemitismus /
Pozostałe elementy strefy tytułu i oznaczenia odpowiedzialności Rudolph M. Loewenstein ; [aus dem Französichen übersetz von Lothar Baier].
260 ## - STREFA ADRESU WYDAWNICZEGO
Miejsce wydania Frankfurt am Main :
Nazwa wydawcy/dystrybutora Suhrkamp Verlag,
Data publikacji, dystrybucji/powstania dokumentu 1967.
300 ## - STREFA OPISU FIZYCZNEGO
Objętość 173, [1] s. ;
Rozmiary 18 cm.
490 1# - STREFA SERII I DOKUMENTU WIELOCZĘŚCIOWEGO - FORMA NIE DO WYSZUKIWANIA
Tytuł i oznaczenie odpowiedzialności serii Edition Suhrkamp
Numeracja w obrębie serii 241
650 9# - HASŁO PRZEDMIOTOWE W FORMIE NAZWY OGÓLNEJ LUB JEDNOSTKOWEJ
Nazwa ogólna lub geograficzna Antysemityzm
Określnik ogólny psychoanaliza
700 1# - HASŁO DODATKOWE - NAZWA OSOBOWA
Nazwa osobowa BAIER, Lothar.
830 ## - HASŁO DODATKOWE SERII LUB DOKUMENTU WIELOCZĘŚCIOWEGO - TYTUŁ UJEDNOLICONY
Tytuł ujednolicony Edition Suhrkamp
856 ## - LOKALIZACJA I DOSTĘP DO ELEKTRONICZNYCH DOKUMENTÓW ZDALNYCH
Link (URL) http://koha.tu.koszalin.pl/cgi-bin/koha/opac-detail.pl?biblionumber=50645
Tekst linku Katalog online BPK
942 ## - DODATKOWE ELEMENTY (KOHA)
Typ dokumentu Książka
Egzemplarze
Wycofany Status egzemplarza Uszkodzony Dostępność Lokalizacja stała Lokalizacja bieżąca Miejsce przechowywania Sygnatura Kod kreskowy Typ dokumentu
      Dostępny Biblioteka Politechniki Koszalińskiej Biblioteka Politechniki Koszalińskiej Wypożyczalnia Językowa N 730 02436333 Książka
© 2023 Biblioteka Politechniki Koszalińskiej :: KOHA